Normal view
MARC view
- اطفال-دراسة
Entry Topical Term
001 - CONTROL NUMBER
- control field: 36624
003 - CONTROL NUMBER IDENTIFIER
- control field: JO-AjAnu
005 - DATE AND TIME OF LATEST TRANSACTION
- control field: 20230606080120.0
008 - FIXED-LENGTH DATA ELEMENTS
- fixed length control field: 230606|| aca||aabn | a|a d
040 ## - CATALOGING SOURCE
- Original cataloging agency: JO-AjAnu
- Transcribing agency: JO-AjAnu
150 ## - HEADING--TOPICAL TERM
- Topical term or geographic name entry element: اطفال-دراسة
670 ## - SOURCE DATA FOUND
- Source citation: Work cat.: (JO-AjAnu)18800: بياجيه، جان ؛ ترجمة حربي، محمد خيري؛ مراجعة الفندي،محمد ثابت , author 36623, الحكم الخلقي عند الاطفال